[Event "European Youth Chess Championship B12"]
[Site "Prague, Top Hotel Prague"]
[Date "2016.08.25"]
[Round "7.25"]
[White "Baum, Jonasz"]
[Black "Dudin, Gleb"]
[Result "0-1"]
[WhiteElo "1842"]
[BlackElo "1965"]
[PlyCount "54"]
[EventDate "2016.08.18"]

1. e4 e6 2. d4 d5 3. Bd3 Nf6 4. e5 Nfd7 5. Nf3 c5 6. c3 b6 7. Ng5 Be7 8. Qh5 g6
9. Qh6 Bf8 10. Qh3 Ba6 11. Bxg6 fxg6 12. Qxe6+ Qe7 13. Qxd5 Bh6 14. e6 O-O 15.
Be3 Nf6 16. Qxa8 Bxg5 17. Bxg5 Qxe6+ 18. Be3 Nc6 19. Qxf8+ Kxf8 20. Nd2 cxd4
21. cxd4 Nb4 22. Kd1 Qg4+ 23. f3 Qxg2 24. Re1 Nfd5 25. Bh6+ Kf7 26. Rc1 Nd3 27.
Rc2 Nxe1 0-1

[Event "European Youth Chess Championship B12"]
[Site "Prague, Top Hotel Prague"]
[Date "2016.08.25"]
[Round "7.26"]
[White "Mathieu, Phileas"]
[Black "Bacrot, Alexandre"]
[Result "0-1"]
[WhiteElo "1835"]
[BlackElo "1961"]
[PlyCount "79"]
[EventDate "2016.08.18"]

1. e4 c5 2. Nf3 d6 3. d4 cxd4 4. Qxd4 Nc6 5. Bb5 Bd7 6. Bxc6 Bxc6 7. Nc3 h6 8.
Be3 e5 9. Qd3 Nf6 10. O-O-O Be7 11. Nh4 g6 12. f4 exf4 13. Bd4 O-O 14. Nf3 a6
15. g3 fxg3 16. hxg3 Ng4 17. Qe2 h5 18. Nh2 Nxh2 19. Qxh2 Bg5+ 20. Kb1 Qe7 21.
g4 h4 22. Bf2 Rae8 23. Rhe1 Bf6 24. Nd5 Bxd5 25. exd5 Be5 26. Qxh4 Qxh4 27.
Bxh4 Kg7 {nr} 28. Bf2 Rc8 29. c3 f6 30. Kc2 Rh8 31. Kd3 b5 32. Re4 Rh3+ 33. Ke2
Re8 34. a4 f5 35. Re3 Rxe3+ 36. Kxe3 fxg4 37. Kd3 Rb8 38. Be3 bxa4 39. Ra1 g3
40. Rxa4 {nr} 0-1

[Event "European Youth Chess Championship B12"]
[Site "Prague, Top Hotel Prague"]
[Date "2016.08.25"]
[Round "7.27"]
[White "Frank, Adam"]
[Black "Antonica, Dragos-Andrei"]
[Result "1-0"]
[WhiteElo "1816"]
[BlackElo "1946"]
[PlyCount "107"]
[EventDate "2016.08.18"]

1. e4 e6 2. d4 d5 3. Nd2 Nf6 4. Bd3 c5 5. e5 Nfd7 6. c3 Nc6 7. Ne2 a6 8. Nf3 b5
9. O-O Be7 10. Be3 O-O 11. Qd2 c4 12. Bc2 f6 13. Nf4 Nb6 14. exf6 Bxf6 15. Nh5
Be7 16. Ng5 g6 17. Ng3 Bd7 18. Nxh7 Kxh7 19. Qe2 Rf5 20. Nxf5 exf5 21. Qf3 Kg7
22. Rfe1 Bd6 23. Bf4 Qc7 24. Bxd6 Qxd6 25. Re2 Rh8 26. h3 Rh4 27. Rae1 b4 28.
cxb4 Nxd4 29. Re7+ Kf8 30. Qc3 Nc8 31. R7e3 Nb5 32. Qd2 d4 33. Rg3 d3 34. Bd1
Qf6 35. Qe3 f4 36. Qc5+ Qd6 37. Rxg6 Qxc5 38. bxc5 Kf7 39. Rxa6 Nc7 40. Ra3 Be6
41. Bf3 Rh8 42. Re4 Re8 43. Rxf4+ Ke7 44. Bd1 Nb5 45. Ra6 c3 46. Re4 c2 47.
Raxe6+ Kd7 48. Re1 cxd1=Q 49. c6+ Kc7 50. Rxd1 Nb6 51. Re3 d2 52. b3 Na3 53. f4
Nd5 54. Rd3 1-0

[Event "European Youth Chess Championship B12"]
[Site "Prague, Top Hotel Prague"]
[Date "2016.08.25"]
[Round "7.28"]
[White "Pedoson, Georg Aleksander"]
[Black "Nguyen, Thai Dai Vinh"]
[Result "1-0"]
[WhiteElo "1944"]
[BlackElo "1774"]
[PlyCount "73"]
[EventDate "2016.08.18"]

1. e4 c5 2. Nc3 Nc6 3. Nf3 e6 4. Bb5 Qc7 5. O-O a6 6. Bxc6 Qxc6 7. Re1 d6 8. d4
cxd4 9. Nxd4 Qc7 10. a4 Nf6 11. Be3 Be7 12. f3 O-O 13. a5 e5 14. Nde2 Be6 15.
Nd5 Nxd5 16. exd5 Bf5 17. Nc3 Rac8 18. Bb6 Qd7 19. Qe2 Rfe8 20. Bf2 Bf6 21. Ne4
Be7 22. c4 Bg6 23. Nc3 Bf6 24. Na4 Bd8 25. b4 f5 26. Qa2 Rf8 27. Rad1 Be8 28.
Nb2 f4 29. c5 Kh8 30. Nc4 Bc7 31. Qb2 Qb5 32. Nxd6 Bxd6 33. cxd6 Rc4 34. Qxe5
Rxb4 35. Qe7 Rg8 36. Bd4 Bg6 37. d7 1-0

[Event "European Youth Chess Championship B12"]
[Site "Prague, Top Hotel Prague"]
[Date "2016.08.25"]
[Round "7.29"]
[White "Coca, Cristi-Iulian"]
[Black "Ratnesan, Ranesh"]
[Result "1-0"]
[WhiteElo "1929"]
[BlackElo "1714"]
[PlyCount "67"]
[EventDate "2016.08.18"]

1. e4 c5 2. c3 d5 3. exd5 Qxd5 4. d4 cxd4 5. cxd4 Nc6 6. Nf3 e5 7. Nc3 Bb4 8.
Bd2 Bxc3 9. Bxc3 e4 10. Ne5 Nxe5 11. dxe5 Ne7 12. Qa4+ Bd7 13. Qb4 Rc8 14. Rd1
Qe6 15. Qxb7 Bc6 16. Bb5 O-O 17. Bxc6 Nxc6 18. O-O Qxa2 19. Rd6 Na5 20. Qxa7
Ra8 21. Qd4 Nc4 22. e6 f6 23. e7 Rfe8 24. Qd5+ Kh8 25. Rd8 Qa4 26. Rxa8 Rxa8
27. b3 Nb6 28. Qd8+ Qe8 29. Qxb6 Qxe7 30. Rd1 h6 31. Qd4 Kh7 32. h3 Re8 33. Qd7
Qxd7 34. Rxd7 1-0

[Event "European Youth Chess Championship B12"]
[Site "Prague, Top Hotel Prague"]
[Date "2016.08.25"]
[Round "7.30"]
[White "Stoyanov, Georgi"]
[Black "Ceres, Dragos"]
[Result "1-0"]
[WhiteElo "1810"]
[BlackElo "1904"]
[PlyCount "111"]
[EventDate "2016.08.18"]

1. d4 Nf6 2. Nf3 d5 3. e3 Bg4 4. c4 c6 5. Nbd2 e6 6. Bd3 c5 7. h3 Bh5 8. Qb3
Qc7 9. cxd5 exd5 10. dxc5 Bxc5 11. O-O O-O 12. Qc3 Qe7 13. Qe5 Qxe5 14. Nxe5
Nc6 15. Nxc6 bxc6 16. Nb3 Bb6 17. Bd2 c5 18. Bf5 Bg6 19. Bxg6 fxg6 20. Rac1 Ne4
21. Bc3 Rad8 22. Nd2 Ng5 23. h4 Ne6 24. Nf3 d4 25. Bd2 dxe3 26. Bxe3 Nd4 27.
Nxd4 cxd4 28. Bd2 d3 29. Be3 Bxe3 30. fxe3 Rfe8 31. Rf3 Re4 32. g3 a5 33. Rd1
d2 34. b3 a4 35. Kf2 axb3 36. axb3 Rb4 37. Ke2 Rxb3 38. Rxd2 Rxd2+ 39. Kxd2 Rb6
40. e4 Rf6 41. Ke3 Kf7 42. e5 Rf5 43. g4 Rxf3+ 44. Kxf3 h6 45. Ke4 Ke6 46. h5
gxh5 47. gxh5 Ke7 48. Kd5 Kd7 49. e6+ Ke7 50. Ke5 Ke8 51. Kd6 Kd8 52. e7+ Ke8
53. Ke6 g5 54. hxg6 h5 55. g7 h4 56. g8=Q# 1-0

[Event "European Youth Chess Championship B12"]
[Site "Prague, Top Hotel Prague"]
[Date "2016.08.25"]
[Round "7.31"]
[White "Hakobyan, Eduard"]
[Black "Astner, Sebastian"]
[Result "1-0"]
[WhiteElo "1776"]
[BlackElo "1893"]
[PlyCount "90"]
[EventDate "2016.08.18"]

1. e4 e6 2. d4 d5 3. Nd2 dxe4 4. Nxe4 Bd7 5. Nf3 Bc6 6. Bd3 Nd7 7. O-O Ngf6 8.
Nxf6+ Qxf6 9. c3 Bxf3 10. Qxf3 Qxf3 11. gxf3 Bd6 12. Re1 O-O-O 13. f4 Rde8 14.
Bd2 g6 15. Re2 Nf6 16. Kg2 h6 17. Rae1 Kd7 18. c4 Nh5 19. Kf3 g5 20. f5 Ng7 21.
fxe6+ fxe6 22. h4 Rhf8+ 23. Kg2 Bf4 24. Bg6 Rd8 25. Bc3 Rf6 26. h5 Rdf8 27. Kg1
Nf5 28. Bxf5 exf5 29. Re7+ Kd8 30. d5 R6f7 31. R7e6 g4 32. Rg6 Bg5 33. Bg7 Re8
34. Ree6 Ree7 35. Rxe7 Kxe7 36. c5 Bf4 37. Re6+ Kd7 38. Bxh6 Bxh6 39. Rxh6 b6
40. c6+ Ke7 41. Kg2 f4 42. Rg6 Rf5 43. d6+ cxd6 44. Rg8 Rc5 45. c7 Kd7 1-0

[Event "European Youth Chess Championship B12"]
[Site "Prague, Top Hotel Prague"]
[Date "2016.08.25"]
[Round "7.32"]
[White "Melkumiants, Alexandr"]
[Black "Decuigniere, Tom"]
[Result "1/2-1/2"]
[WhiteElo "1794"]
[BlackElo "1878"]
[PlyCount "87"]
[EventDate "2016.08.18"]

1. Nf3 c5 2. c4 g6 3. g3 Bg7 4. Bg2 Nc6 5. O-O d6 6. Nc3 Bf5 7. d3 Qd7 8. Bd2
Bh3 9. Bxh3 Qxh3 10. Nd5 Rc8 11. Bc3 Bxc3 12. Nxc3 Nf6 13. Ng5 Qh5 14. Nf3 g5
15. Kg2 g4 16. Nh4 Nd7 17. Nd5 Nf8 18. Nf4 Qg5 19. Kg1 Ng6 20. Nfg2 Nxh4 21.
Nxh4 Qe5 22. Qd2 Nd4 23. Rfe1 h5 24. Qc3 Kd7 25. e3 Nc6 26. Qxe5 Nxe5 27. Rad1
Rc6 28. b3 a6 29. d4 Ng6 30. Nxg6 fxg6 31. e4 cxd4 32. Rxd4 e5 33. Rd5 Ke7 34.
Red1 Rd8 35. Kf1 g5 36. Ke2 b6 37. R1d2 Ke6 38. Kd1 Ke7 39. Rc2 Rdc8 40. Rcd2
Rd8 41. Rc2 Rdc8 42. a4 Rc5 43. Rcd2 R5c6 44. Rc2 1/2-1/2

[Event "European Youth Chess Championship B12"]
[Site "Prague, Top Hotel Prague"]
[Date "2016.08.25"]
[Round "7.33"]
[White "Chiriac, Daniel"]
[Black "Sosovicka, Jakub"]
[Result "0-1"]
[WhiteElo "1687"]
[BlackElo "1959"]
[PlyCount "84"]
[EventDate "2016.08.18"]

1. e4 c5 2. Nf3 d6 3. d4 cxd4 4. Qxd4 Nc6 5. Bb5 Bd7 6. Bxc6 Bxc6 7. Nc3 Nf6 8.
Bg5 e5 9. Qd3 Be7 10. Bxf6 Bxf6 11. O-O-O O-O 12. Nd2 Bg5 13. Kb1 f5 14. f3
Bxd2 15. Rxd2 fxe4 16. fxe4 Rf6 17. Rhd1 Qe7 18. Qe3 a6 19. Qb6 Rc8 20. Qb4 Rd8
21. Qb6 Rc8 22. a4 h6 23. b4 d5 24. exd5 Be8 25. d6 Rxc3 26. Qa5 Qd7 27. Qxe5
Rc8 28. Qe3 Bf7 29. b5 axb5 30. Qe7 Qxe7 31. dxe7 Re8 32. Rd8 bxa4 33. R1d7 Re6
34. Rxb7 R6xe7 35. Rxe8+ Rxe8 36. Ra7 Re2 37. Rxa4 Rxg2 38. h4 Bg6 39. Rc4 Kh7
40. Kc1 Rxc2+ 41. Rxc2 Bxc2 42. Kxc2 Kg6 0-1

[Event "European Youth Chess Championship B12"]
[Site "Prague, Top Hotel Prague"]
[Date "2016.08.25"]
[Round "7.34"]
[White "Dardha, Daniel"]
[Black "Rosol, Alexander"]
[Result "1-0"]
[WhiteElo "2095"]
[BlackElo "1779"]
[PlyCount "71"]
[EventDate "2016.08.18"]

1. e4 e5 2. Nf3 Nc6 3. d4 exd4 4. Nxd4 Bc5 5. Be3 Qf6 6. c3 Nge7 7. g3 Ne5 8.
f4 N5g6 9. Bg2 d6 10. O-O Bd7 11. b4 Bb6 12. Nd2 Nc6 13. Nc4 O-O 14. a4 Rfe8
15. a5 Bxd4 16. cxd4 Nxb4 17. Qd2 Nc6 18. f5 Nf8 19. e5 Qd8 20. Bg5 Qc8 21. f6
dxe5 22. fxg7 Ng6 23. dxe5 Ncxe5 24. Nxe5 Rxe5 25. Bf6 Re6 26. Qh6 Bb5 27. Rf2
Qe8 28. Rf5 Be2 29. Bd5 Rd8 30. Bxd8 Qxd8 31. Bxe6 Qd4+ 32. Rf2 Qxa1+ 33. Kg2
Qxg7 34. Bxf7+ Kh8 35. Qxg7+ Kxg7 36. Bxg6 1-0

[Event "European Youth Chess Championship B12"]
[Site "Prague, Top Hotel Prague"]
[Date "2016.08.25"]
[Round "7.35"]
[White "Bochnicka, Vladimir"]
[Black "Motiu, Victor"]
[Result "1-0"]
[WhiteElo "1953"]
[BlackElo "1774"]
[PlyCount "85"]
[EventDate "2016.08.18"]

1. d4 d5 2. c4 e6 3. Nf3 Nf6 4. Nc3 Nbd7 5. Bf4 c6 6. e3 Bb4 7. Rc1 O-O 8. Bd3
Ne4 9. Bxe4 dxe4 10. Ng5 Nf6 11. Qc2 Qa5 12. O-O Bxc3 13. bxc3 Qf5 14. f3 exf3
15. Rxf3 Qxc2 16. Rxc2 h6 17. Nh3 Ne4 18. Nf2 Nxf2 19. Rcxf2 e5 20. Bxe5 Be6
21. c5 f5 22. a3 g6 23. Rg3 Kh7 24. Kf1 b5 25. Ke2 a5 26. Rgf3 Bd5 27. Rf4 Be4
28. Bd6 Rf7 29. Rxe4 b4 30. Re7 Rxe7 31. Bxe7 bxa3 32. Kd3 Rb8 33. Ra2 Rb2 34.
Rxb2 axb2 35. Kc2 g5 36. c4 Kg6 37. Kxb2 Kf7 38. Bd8 Ke6 39. Bxa5 f4 40. exf4
gxf4 41. Bd2 Kf5 42. d5 cxd5 43. cxd5 1-0

[Event "European Youth Chess Championship B12"]
[Site "Prague, Top Hotel Prague"]
[Date "2016.08.25"]
[Round "7.36"]
[White "Gucaga, Augustas"]
[Black "Stremavicius, Pijus"]
[Result "1/2-1/2"]
[WhiteElo "1902"]
[BlackElo "1771"]
[PlyCount "56"]
[EventDate "2016.08.18"]

1. e4 c5 2. Nf3 Nc6 3. d4 cxd4 4. Nxd4 Nf6 5. Nc3 d6 6. Bg5 e5 7. Ndb5 a6 8.
Na3 b5 9. Nd5 Be7 10. Bxf6 Bxf6 11. c3 Bg5 12. g3 O-O 13. Bg2 Be6 14. O-O Ne7
15. Nc2 a5 16. Qd3 Nxd5 17. exd5 Bd7 18. f4 exf4 19. gxf4 Bf6 20. Kh1 Kh8 21.
a3 Qb6 22. Bh3 Bxh3 23. Qxh3 Rae8 24. Qf3 g6 25. Rae1 Bg7 26. Re2 Rxe2 27. Qxe2
Qc5 28. Qf3 Rc8 1/2-1/2

[Event "European Youth Chess Championship B12"]
[Site "Prague, Top Hotel Prague"]
[Date "2016.08.25"]
[Round "7.37"]
[White "Vojta, Jakub"]
[Black "Bin-Suhayl, Ieysaa"]
[Result "0-1"]
[WhiteElo "1771"]
[BlackElo "1899"]
[PlyCount "38"]
[EventDate "2016.08.18"]

1. e4 e6 2. Nf3 d5 3. e5 c5 4. b4 cxb4 5. a3 Nc6 6. axb4 Bxb4 7. c3 Be7 8. d4
Bd7 9. Bd3 a6 10. O-O b5 11. Ba3 Bxa3 12. Nxa3 Nge7 13. Qe2 Ng6 14. Nd2 Nf4 15.
Qf3 Qg5 16. Nb3 Ke7 17. Nc5 b4 18. cxb4 Nxd4 19. Qg3 Nfe2+ 0-1

[Event "European Youth Chess Championship B12"]
[Site "Prague, Top Hotel Prague"]
[Date "2016.08.25"]
[Round "7.38"]
[White "Ben Ari, Yannay"]
[Black "Poltorak, Sebastian"]
[Result "1-0"]
[WhiteElo "1883"]
[BlackElo "1763"]
[PlyCount "133"]
[EventDate "2016.08.18"]

1. f4 d5 2. Nf3 g6 3. e3 Bg7 4. Be2 c5 5. c3 Nc6 6. d4 cxd4 7. exd4 Nh6 8. O-O
O-O 9. Ne5 f6 10. Ng4 Nf7 11. Qe1 Qb6 12. Qh4 Nd6 13. Bf3 e6 14. Ne3 Qc7 15.
Nd2 Ne7 16. g4 Bd7 17. Bg2 h6 18. Qg3 Rac8 19. Re1 Rfe8 20. h4 Nf7 21. Nef1 Qb6
22. Kh2 Nd6 23. Ne3 Kh7 24. Nb3 Qc7 25. Nc5 b6 26. Nxd7 Qxd7 27. Rh1 Rh8 28. a4
a5 29. Bd2 Kg8 30. Bf3 Kf7 31. Kg2 Qc7 32. Rhg1 Qc6 33. Kh2 g5 34. h5 Ke8 35.
Rae1 Kd7 36. b3 Qc7 37. f5 exf5 38. Nxd5 Nxd5 39. Bxd5 f4 40. Be6+ Kd8 41. Qd3
Rb8 42. Kh3 Re8 43. c4 Bf8 44. Bc3 Be7 45. Re2 Rb7 46. Rge1 Ra7 47. c5 Nc8 48.
cxb6 Nxb6 49. Bf7 Rf8 50. Rxe7 Qxe7 51. Rxe7 Rxe7 52. Qb5 Rfxf7 53. Qxb6+ Kc8
54. Bxa5 Re3+ 55. Kg2 Rfe7 56. Qc6+ Kb8 57. Bb4 Rb7 58. Bd6+ Ka7 59. b4 Rg3+
60. Kf2 Re3 61. Qc5+ Ka8 62. Qc8+ Ka7 63. Bc5+ Rb6 64. Qc7+ Ka8 65. Bxb6 Rf3+
66. Kxf3 f5 67. Qc8# 1-0

[Event "European Youth Chess Championship B12"]
[Site "Prague, Top Hotel Prague"]
[Date "2016.08.25"]
[Round "7.39"]
[White "Koelle, Tobias"]
[Black "Pajcin, Lav"]
[Result "0-1"]
[WhiteElo "1866"]
[BlackElo "1735"]
[PlyCount "104"]
[EventDate "2016.08.18"]

1. d4 d5 2. c4 e6 3. Nc3 Nf6 4. Bg5 Nbd7 5. cxd5 exd5 6. e3 c6 7. Nf3 Be7 8.
Bd3 O-O 9. Qc2 Re8 10. O-O-O Nf8 11. Ne5 Ne4 12. Bxe7 Qxe7 13. h4 f6 14. Nf3
Bg4 15. Rdg1 Nxc3 16. Qxc3 c5 17. dxc5 Rac8 18. b4 a5 19. a3 b6 20. c6 Rxc6 21.
Qxc6 Rc8 22. Qxc8 Bxc8 23. Kc2 axb4 24. axb4 Qxb4 25. Rb1 Qa4+ 26. Kd2 Qa2+ 27.
Bc2 Qa5+ 28. Ke2 Ba6+ 29. Bd3 Bxd3+ 30. Kxd3 Nd7 31. Rhc1 Nc5+ 32. Kc2 Qa4+ 33.
Kc3 Qc4+ 34. Kd2 Ne4+ 35. Ke1 Qa2 36. Rc8+ Kf7 37. Rc7+ Kg6 38. Rbc1 Qxf2+ 39.
Kd1 Qxg2 40. Rb7 Qxf3+ 41. Kc2 Qe2+ 42. Kb1 Qb5+ 43. Kc2 Qc6+ 44. Kd1 Qxb7 45.
Ke2 Qa6+ 46. Kf3 Qa2 47. h5+ Kf5 48. Rf1 Nd2+ 49. Kg2+ Nxf1+ 50. Kxf1 Ke4 51.
h6 Kf3 52. hxg7 Qb1# 0-1

[Event "European Youth Chess Championship B12"]
[Site "Prague, Top Hotel Prague"]
[Date "2016.08.25"]
[Round "7.40"]
[White "Malkoc, Tilen"]
[Black "Schlegel, Igor"]
[Result "0-1"]
[WhiteElo "1770"]
[BlackElo "1856"]
[PlyCount "112"]
[EventDate "2016.08.18"]

1. Nf3 Nf6 2. c4 g6 3. b4 Bg7 4. Bb2 b6 5. g3 Bb7 6. Bg2 c5 7. bxc5 bxc5 8. O-O
O-O 9. d3 d6 10. Na3 Nc6 11. Rb1 Rb8 12. Bc3 Ba8 13. Qd2 Qd7 14. Nc2 Qc7 15.
Ne3 e6 16. Ng5 Nd4 17. Bxa8 Rxa8 18. Bxd4 cxd4 19. Nc2 Nd7 20. Nf3 e5 21. Nb4
Nf6 22. Rb3 a5 23. Nc2 d5 24. Na3 dxc4 25. Nxc4 Nd5 26. Na3 Rfc8 27. Qb2 Nc3
28. Rb7 Qc5 29. Re1 Qd5 30. Nd2 Qxa2 31. Qxa2 Nxa2 32. Nac4 Nc3 33. Nd6 Rf8 34.
N2c4 Ra6 35. Kf1 a4 36. Ra1 f6 37. Nb6 a3 38. Ndc4 a2 39. Nd7 Re8 40. Ndb6 Rd8
41. Nd7 Rda8 42. Ncb6 R6a7 43. Rxa7 Rxa7 44. Nc5 Ra5 45. Nca4 Rb5 46. Nxc3 dxc3
47. Rxa2 Rxb6 48. Ra8+ Kf7 49. Ra7+ Ke6 50. Rc7 Rb3 51. e3 Bf8 52. Ke2 Rb2+ 53.
Kd1 Rd2+ 54. Ke1 Bb4 55. Rc4 c2 56. e4 Rd1+ 0-1

[Event "European Youth Chess Championship B12"]
[Site "Prague, Top Hotel Prague"]
[Date "2016.08.25"]
[Round "7.41"]
[White "Horobrijs, Daniils"]
[Black "Magold, Victor"]
[Result "1-0"]
[WhiteElo "1829"]
[BlackElo "1708"]
[PlyCount "53"]
[EventDate "2016.08.18"]

{Waiting for moves from server...} 1. e4 c5 2. Nf3 e6 3. d4 cxd4 4. Nxd4 a6 5.
Bd3 Qc7 6. c4 b6 7. O-O Bb7 8. Nc3 Nf6 9. Be3 Bc5 10. a3 O-O 11. b4 Be7 12. f4
d5 13. exd5 exd5 14. Nxd5 Nxd5 15. cxd5 Bxd5 16. Qh5 f5 17. Nxf5 Rd8 18. Nxe7+
Qxe7 19. Qxh7+ Kf7 20. Bxb6 Rd7 21. Qh5+ Kg8 22. Bc5 Rd6 23. Bxd6 Qxd6 24. Qe8+
Qf8 25. Bh7+ Kxh7 26. Qxf8 g6 27. Rae1 1-0

[Event "European Youth Chess Championship B12"]
[Site "Prague, Top Hotel Prague"]
[Date "2016.08.25"]
[Round "7.42"]
[White "Pobor, Milo"]
[Black "Skypala, Ondrej"]
[Result "0-1"]
[WhiteElo "1817"]
[BlackElo "1703"]
[PlyCount "142"]
[EventDate "2016.08.18"]

1. e4 e6 2. d4 d5 3. Nc3 Nf6 4. Bg5 Be7 5. e5 Nfd7 6. Bxe7 Qxe7 7. f4 a6 8. Nf3
c5 9. Bd3 Nc6 10. dxc5 Nxc5 11. O-O Bd7 12. a3 b5 13. b4 Nxd3 14. cxd3 f6 15.
Qd2 fxe5 16. fxe5 O-O 17. Ne2 Be8 18. Ned4 Qa7 19. Qe3 Bh5 20. Rae1 Bxf3 21.
Nxc6 Qd7 22. Qc5 Bg4 23. Ne7+ Kh8 24. Ng6+ hxg6 25. Rxf8+ Rxf8 26. Qxf8+ Kh7
27. Qf4 Bf5 28. Qd4 g5 29. Rc1 Qf7 30. Rc6 Qh5 31. h3 Qd1+ 32. Kh2 Qe1 33. Rxa6
g4 34. Qf4 gxh3 35. Qg3 Qe2 36. Ra7 Bg4 37. Qh4+ Kg6 38. Qg3 hxg2 39. Qxg2
Qxe5+ 40. Qg3 Qe2+ 41. Qg2 Qe5+ 42. Qg3 Qb2+ 43. Kg1 Qc1+ 44. Kg2 Qd2+ 45. Qf2
Qxd3 46. Qf7+ Kg5 47. Qxg7+ Kf4 48. Rf7+ Bf5 49. Qh6+ Ke4 50. Qh4+ Ke5 51. Qg3+
Qxg3+ 52. Kxg3 Bc2 53. Rf2 Bd3 54. Rd2 Ke4 55. Kf2 e5 56. Ra2 Bc4 57. Ra1 Bb3
58. Ke2 Kd4 59. Kd2 e4 60. Re1 Bc4 61. Re3 Bd3 62. Rh3 Kc4 63. Rh5 Bf1 64. Rh1
Bd3 65. Rh5 Kd4 66. Rh3 Bc4 67. Re3 Ke5 68. Rh3 d4 69. Rh4 e3+ 70. Kd1 d3 71.
Rh8 Bb3+ 0-1

[Event "European Youth Chess Championship B12"]
[Site "Prague, Top Hotel Prague"]
[Date "2016.08.25"]
[Round "7.43"]
[White "Koziorowicz, Michal"]
[Black "Hofman, Krystof"]
[Result "1-0"]
[WhiteElo "1816"]
[BlackElo "1684"]
[PlyCount "43"]
[EventDate "2016.08.18"]

1. e4 c5 2. Nf3 d6 3. d4 cxd4 4. Nxd4 Nf6 5. Nc3 a6 6. f3 e6 7. Be3 Qc7 8. Qd2
Be7 9. g4 b5 10. g5 Nfd7 11. O-O-O Ne5 12. f4 Nc4 13. Bxc4 bxc4 14. f5 O-O 15.
f6 gxf6 16. gxf6 Bxf6 17. Bh6 Nd7 18. Rhg1+ Kh8 19. Qg2 Ne5 20. Bg7+ Kg8 21.
Bxf6+ Ng6 22. Qg5 1-0

[Event "European Youth Chess Championship B12"]
[Site "Prague, Top Hotel Prague"]
[Date "2016.08.25"]
[Round "7.44"]
[White "Grzesik, Gracjan"]
[Black "Neumann, Filip"]
[Result "1/2-1/2"]
[WhiteElo "1734"]
[BlackElo "1812"]
[PlyCount "99"]
[EventDate "2016.08.18"]

1. e4 e5 2. Nf3 Nc6 3. d4 exd4 4. Nxd4 Bc5 5. Nb3 Bb6 6. Nc3 Nf6 7. Qe2 O-O 8.
Be3 d5 9. O-O-O d4 10. Nb5 Nxe4 11. N5xd4 Nxd4 12. Nxd4 Qf6 13. g3 Be6 14. Bg2
Nd6 15. Nxe6 Qxe6 16. Bd5 Bxe3+ 17. Qxe3 Qxe3+ 18. fxe3 Rfe8 19. Rhe1 Re5 20.
Rd3 Rae8 21. b3 Rh5 22. Re2 Kf8 23. c4 b6 24. Rf2 f6 25. b4 Rhe5 26. Re2 Ne4
27. Bc6 R8e7 28. Kc2 Nd6 29. Kc3 a5 30. a3 Rf5 31. Rd1 Ne4+ 32. Kc2 Rfe5 33.
Rd3 Nd6 34. Kc3 Rh5 35. Bd5 axb4+ 36. axb4 Ree5 37. Bc6 Ke7 38. Kb3 Rhg5 39.
Kc3 Rg4 40. Rd4 Rxd4 41. Kxd4 Nf5+ 42. Kd3 Nd6 43. Rf2 h6 44. Rf1 Nf5 45. Be4
Ke6 46. Rf2 Ne7 47. Ra2 Rh5 48. Rc2 Kd6 49. Rd2 Ke6 50. Rc2 1/2-1/2

[Event "European Youth Chess Championship B12"]
[Site "Prague, Top Hotel Prague"]
[Date "2016.08.25"]
[Round "7.45"]
[White "Nytra, Ondrej"]
[Black "Nguyen, Lucas"]
[Result "0-1"]
[WhiteElo "1708"]
[BlackElo "1806"]
[PlyCount "104"]
[EventDate "2016.08.18"]

1. e4 c5 2. Nf3 Nc6 3. d4 cxd4 4. Nxd4 g6 5. Nb3 Bg7 6. Be2 Nf6 7. Nc3 O-O 8.
O-O d6 9. Re1 Be6 10. Bf1 a5 11. a4 Rc8 12. Bg5 Nb4 13. Bb5 Nd7 14. Nd5 Bxd5
15. exd5 f6 16. c3 fxg5 17. cxb4 Bxb2 18. Rb1 Bc3 19. Re2 Bxb4 20. Nd4 Nc5 21.
Re3 Rf6 22. Qe2 Qf8 23. Nf3 g4 24. Ng5 h6 25. Ne6 Nxe6 26. Rxe6 h5 27. Rxe7 Bc5
28. Kh1 b6 29. Rc1 Rxf2 30. Qe6+ Kh8 31. Rb7 Rf6 32. Qd7 Qg8 33. Qe7 Rcf8 34.
Qe4 Rf4 35. Qe6 Rd4 36. Bc6 Rd2 37. Re7 Qxe6 38. dxe6 Rff2 39. Re8+ Kg7 40. e7
Rfe2 41. Rf1 d5 42. Rd8 Bxe7 43. Rxd5 Rxg2 44. Rxd2 Rxd2 45. Rb1 Bc5 46. Re1
Bd6 47. Bg2 h4 48. Rb1 h3 49. Be4 Rxh2+ 50. Kg1 Ra2 51. Bc6 g3 52. Rd1 Bc5+ 0-1

[Event "European Youth Chess Championship B12"]
[Site "Prague, Top Hotel Prague"]
[Date "2016.08.25"]
[Round "7.46"]
[White "Jun, Rudolf Jr"]
[Black "Kevlishvili, Nika"]
[Result "0-1"]
[WhiteElo "1621"]
[BlackElo "1788"]
[PlyCount "120"]
[EventDate "2016.08.18"]

1. e4 c5 2. Nf3 d6 3. Nc3 Nf6 4. d4 cxd4 5. Nxd4 g6 6. g3 Bg7 7. Bg2 O-O 8. O-O
Bg4 9. f3 Bd7 10. Be3 Nc6 11. Nde2 Rc8 12. h3 Qa5 13. Kh2 a6 14. a4 Ne5 15. b3
Rfd8 16. Rb1 d5 17. Nxd5 Nxd5 18. exd5 Bf5 19. Nd4 Rxd5 20. Qe2 Rxd4 21. Bxd4
Rxc2 22. Qe3 Bxh3 23. Kxh3 Nc6 24. Bc5 Rxc5 25. g4 Re5 26. Qf4 Rd5 27. Rfd1 Be5
28. Qe4 Rxd1 29. Rxd1 Qc3 30. Qd3 Qc5 31. Rf1 Bd6 32. f4 h5 33. Bxc6 hxg4+ 34.
Kxg4 Qxc6 35. Rg1 Qc5 36. Rh1 Qf2 37. Rf1 Qg2+ 38. Kh4 Qh2+ 39. Kg4 f5+ 40. Kf3
Qxf4+ 41. Ke2 Qe5+ 42. Kd1 Kg7 43. Re1 Qa1+ 44. Ke2 Qb2+ 45. Kd1 Bb4 46. Re2
Qa1+ 47. Kc2 Ba3 48. Qc3+ Qxc3+ 49. Kxc3 a5 50. Re6 Bc5 51. Kc4 b6 52. b4 Bxb4
53. Rxb6 f4 54. Kd3 f3 55. Rxb4 axb4 56. a5 b3 57. a6 b2 58. Kc2 f2 59. a7
b1=Q+ 60. Kxb1 f1=Q+ 0-1

[Event "European Youth Chess Championship B12"]
[Site "Prague, Top Hotel Prague"]
[Date "2016.08.25"]
[Round "7.47"]
[White "Husa, Daniel"]
[Black "Misiuk, Ernest"]
[Result "0-1"]
[WhiteElo "1488"]
[BlackElo "1783"]
[PlyCount "56"]
[EventDate "2016.08.18"]

1. d4 Nf6 2. Bg5 g6 3. Bxf6 exf6 4. e3 Bg7 5. g3 d5 6. Ne2 Bg4 7. Bg2 c6 8. O-O
Qe7 9. b3 O-O 10. Qd2 Bxe2 11. Qxe2 f5 12. c4 Bxd4 13. Nc3 Bxc3 14. Rac1 Bg7
15. cxd5 cxd5 16. Bxd5 Rd8 17. Qf3 Nc6 18. Bxc6 bxc6 19. Qxc6 Qe4 20. Qc5 Qb7
21. Qa3 Rd2 22. Rfd1 Bb2 23. Qa5 Bxc1 24. Rxc1 Rad8 25. Rf1 Rd1 26. Re1 Rxe1+
27. Qxe1 Qf3 28. e4 Rd1 0-1

[Event "European Youth Chess Championship B12"]
[Site "Prague, Top Hotel Prague"]
[Date "2016.08.25"]
[Round "7.48"]
[White "Luu, Robert"]
[Black "Vainerchuk, Barys"]
[Result "0-1"]
[WhiteElo "1779"]
[BlackElo "1592"]
[PlyCount "64"]
[EventDate "2016.08.18"]

1. d4 f5 2. Bg5 d6 3. e3 g6 4. Nc3 h6 5. Bh4 Bg7 6. Nf3 g5 7. Bg3 Nf6 8. Bc4 e6
9. Qe2 Bd7 10. O-O-O Qe7 11. Rhe1 Bc6 12. d5 exd5 13. Bxd5 Nxd5 14. Nxd5 Bxd5
15. Rxd5 Qf7 16. Red1 O-O 17. c3 Nd7 18. Kb1 Rfe8 19. Qc2 Rf8 20. Qb3 Nc5 21.
Qc2 a5 22. h4 g4 23. Ne5 Qe6 24. Nc4 c6 25. Rxc5 dxc5 26. Nb6 Rad8 27. Re1 Be5
28. Bxe5 Qxe5 29. g3 Qe4 30. Qxe4 fxe4 31. Re2 Rd1+ 32. Kc2 Rf1 0-1

[Event "European Youth Chess Championship B12"]
[Site "Prague, Top Hotel Prague"]
[Date "2016.08.25"]
[Round "7.49"]
[White "Jirousek, Jan"]
[Black "Karacsonyi, Gellert"]
[Result "1/2-1/2"]
[WhiteElo "1581"]
[BlackElo "2122"]
[PlyCount "81"]
[EventDate "2016.08.18"]

1. d4 f5 2. Nc3 d5 3. Bf4 c6 4. Nf3 Nf6 5. e3 e6 6. Bd3 Qb6 7. Rb1 Bb4 8. a3
Be7 9. O-O O-O 10. Ne2 Nh5 11. Be5 Nd7 12. c4 g5 13. Ng3 Nxg3 14. Bxg3 Qd8 15.
Ne5 Nxe5 16. Bxe5 Bf6 17. Bxf6 Qxf6 18. b4 Bd7 19. c5 a6 20. Be2 g4 21. a4 Qh4
22. Qe1 Qf6 23. b5 axb5 24. axb5 e5 25. Qc3 exd4 26. Qxd4 Qxd4 27. exd4 Rfe8
28. Rb2 Ra4 29. bxc6 Bxc6 30. Rd1 f4 31. Kf1 h5 32. Bb5 Bxb5+ 33. Rxb5 Ra2 34.
Re1 Rxe1+ 35. Kxe1 f3 36. gxf3 gxf3 37. Rxb7 Re2+ 38. Kf1 Rd2 39. Ke1 Re2+ 40.
Kf1 Rd2 41. Ke1 1/2-1/2